Principles of geotechnical engineering / (Record no. 523976)
[ view plain ]
| 000 -LEADER | |
|---|---|
| fixed length control field | 01187cam a22003497i 4500 |
| 001 - CONTROL NUMBER | |
| control field | 19102080 |
| 003 - CONTROL NUMBER IDENTIFIER | |
| control field | NUST |
| 005 - DATE AND TIME OF LATEST TRANSACTION | |
| control field | 20230314160401.0 |
| 008 - FIXED-LENGTH DATA ELEMENTS--GENERAL INFORMATION | |
| fixed length control field | 160520s2018 at b 001 0 eng |
| 010 ## - LIBRARY OF CONGRESS CONTROL NUMBER | |
| LC control number | 2016942336 |
| 020 ## - INTERNATIONAL STANDARD BOOK NUMBER | |
| International Standard Book Number | 9781305970939 |
| 038 ## - RECORD CONTENT LICENSOR | |
| Staff Name | azhar |
| 040 ## - CATALOGING SOURCE | |
| Original cataloging agency | DLC |
| Language of cataloging | eng |
| Description conventions | rda |
| Transcribing agency | DLC |
| Modifying agency | DLC |
| 042 ## - AUTHENTICATION CODE | |
| Authentication code | pcc |
| 050 00 - LIBRARY OF CONGRESS CALL NUMBER | |
| Classification number | TA710 |
| Item number | .D264 2018 |
| 082 00 - DEWEY DECIMAL CLASSIFICATION NUMBER | |
| Classification number | 624 |
| Edition number | 23 |
| Author Mark | DAS |
| 100 1# - MAIN ENTRY--PERSONAL NAME | |
| Personal name | Das, Braja M., |
| Dates associated with a name | 1941- |
| Relator term | author. |
| 9 (RLIN) | 891 |
| 245 10 - TITLE STATEMENT | |
| Title | Principles of geotechnical engineering / |
| Statement of responsibility, etc. | Braja M. Das, Dean Emeritus, California State University, Sacramento, Khaled Sobhan, Florida Atlantic University. |
| 250 ## - EDITION STATEMENT | |
| Edition statement | Ninth Edition. |
| 264 #1 - PRODUCTION, PUBLICATION, DISTRIBUTION, MANUFACTURE, AND COPYRIGHT NOTICE | |
| Place of production, publication, distribution, manufacture | Australia : |
| Name of producer, publisher, distributor, manufacturer | Cengage Learning, |
| Date of production, publication, distribution, manufacture, or copyright notice | [2018] |
| 300 ## - PHYSICAL DESCRIPTION | |
| Extent | xxiii, 819 pages ; |
| Dimensions | 24 cm |
| 336 ## - CONTENT TYPE | |
| Content type term | text |
| Content type code | txt |
| Source | rdacontent |
| 337 ## - MEDIA TYPE | |
| Media type term | unmediated |
| Media type code | n |
| Source | rdamedia |
| 338 ## - CARRIER TYPE | |
| Carrier type term | volume |
| Carrier type code | nc |
| Source | rdacarrier |
| 504 ## - BIBLIOGRAPHY, ETC. NOTE | |
| Bibliography, etc. note | Includes bibliographical references and index. |
| 650 #0 - SUBJECT ADDED ENTRY--TOPICAL TERM | |
| Topical term or geographic name entry element | Soil mechanics. |
| 9 (RLIN) | 558 |
| 650 #0 - SUBJECT ADDED ENTRY--TOPICAL TERM | |
| Topical term or geographic name entry element | Geotechnical engineering. |
| 9 (RLIN) | 979 |
| 700 1# - ADDED ENTRY--PERSONAL NAME | |
| Personal name | Sobhan, Khaled, |
| Relator term | co-author. |
| 9 (RLIN) | 14805 |
| 906 ## - LOCAL DATA ELEMENT F, LDF (RLIN) | |
| a | 7 |
| b | cbc |
| c | orignew |
| d | 2 |
| e | epcn |
| f | 20 |
| g | y-gencatlg |
| 942 ## - ADDED ENTRY ELEMENTS (KOHA) | |
| Source of classification or shelving scheme | |
| Koha item type | Book |
| Withdrawn status | Lost status | Source of classification or shelving scheme | Damaged status | Not for loan | Permanent Location | Current Location | Date acquired | Total Checkouts | Total Renewals | Full call number | Barcode | Date last seen | Date last checked out | Price effective from | Koha item type |
|---|---|---|---|---|---|---|---|---|---|---|---|---|---|---|---|
| Central Library (CL) | Central Library (CL) | 06/13/2019 | 3 | 1 | 624 DAS | CL-88 | 03/10/2026 | 03/04/2026 | 06/13/2019 | Book |
